Apuntes de moldes de escayola / Claudio José
Publicado:
Barcelona :
Diputació de Barcelona, [Servei d' Ensenyament], [Escola d'Arts i Oficis] ,
1986
Descripción Física:
26 f. ; 30 cm
Materias:
Escultura
MARC
| LEADER | 00000nam a2200000Ia 4500 | ||
|---|---|---|---|
| 001 | 2056 | ||
| 003 | BGR | ||
| 005 | 20260324175213.0 | ||
| 008 | 160829s1986 xx 000 0 cat d | ||
| 080 | |a B-1-48 | ||
| 100 | |a José, Claudio |9 20174 | ||
| 245 | |a Apuntes de moldes de escayola / Claudio José | ||
| 260 | |a Barcelona : |b Diputació de Barcelona, [Servei d' Ensenyament], [Escola d'Arts i Oficis], |c 1986 | ||
| 300 | |a 26 f. ; |c 30 cm | ||
| 650 | |a Escultura |9 20175 | ||
| 710 | 2 | |a Escola d'Arts i Oficis (Barcelona, Catalunya) |9 55874 | |
| 901 | |a Arxiu | ||
| 942 | |n 1 |2 udc |c MON | ||
| 952 | |0 0 |1 0 |4 0 |6 B148 |7 1 |9 41475 |a Arxiu |b Arxiu |d 2016-12-01 |l 0 |o B-1-48 |p 2056 |r 2016-12-01 00:00:00 |w 2016-12-01 |y ARXIU | ||
| 999 | |c 43283 |d 43283 | ||